Centro América 1981: un análisis económico y político de los cinco países

Estudia el comportamiento de la economía salvadoreña, básicamente en 1980 - Señala que el mejor indicador para examinar el deterioro de la economía en el país es el PIB, el cual disminuyo en ese año a una tasa de -5

محفوظ في:
التفاصيل البيبلوغرافية
مؤلف مشترك: INFORPRESS Centroamericana
التنسيق: نص
منشور في: Guatemala: INFORPRESS
الوسوم: إضافة وسم
لا توجد وسوم, كن أول من يضع وسما على هذه التسجيلة!

MARC

LEADER 00000 a a2200000 04500
001 20514
003
040
090 |a 086106  
110 |a INFORPRESS Centroamericana  
245 |a Centro América 1981: un análisis económico y político de los cinco países  
260 |a Guatemala:   |b INFORPRESS  
300 |a p. irreg.  
520 |a Estudia el comportamiento de la economía salvadoreña, básicamente en 1980 - Señala que el mejor indicador para examinar el deterioro de la economía en el país es el PIB, el cual disminuyo en ese año a una tasa de -5  
999 |c 5383  |d 5383